000 00379nam a22000977a 4500
008 240219b |||||||| |||| 00| 0 eng d
082 _a025.3132 F37c Ej.1
100 1 0 _aFernandez Molina, Juan Carlos
_eautor
_943439
245 _aLos catálogos de acceso público en línea:
_bEL futuro de la recuperación de información bibliográfica /
_cJuan Carlos Fernandez Molina
942 _2ddc
999 _c30612
_d16996